LIBRARY & INFORMATION CENTRE, KCAET, TAVANUR

ONLINE PUBLIC ACCESS CATALOGUE (OPAC)

Sarssayya / (Record no. 573)

MARC details
000 -LEADER
fixed length control field 00373cam a2200157ua 4500
041 0# - LANGUAGE CODE
Language code of text/sound track or separate title mal
082 ## - DEWEY DECIMAL CLASSIFICATION NUMBER
Classification number 894.812 2
Item number BHA/SA
100 ## - MAIN ENTRY--AUTHOR NAME
Personal name Bhasi, Thoppil.
245 ## - TITLE STATEMENT
Title Sarssayya /
260 ## - PUBLICATION, DISTRIBUTION, ETC. (IMPRINT)
Place of publication Kollam :
Name of publisher Azad Printers ,
Year of publication 1958.
300 ## - PHYSICAL DESCRIPTION
Number of Pages 223 ; .
650 ## - SUBJECT ADDED ENTRY--TOPICAL TERM
Topical Term Drama - Malayalam
942 ## - ADDED ENTRY ELEMENTS (KOHA)
Koha item type Books
Holdings
Withdrawn status Lost status Damaged status Home library Current library Date acquired Cost, normal purchase price Full call number Accession Number Koha item type Public note
Withdrawn     KAUAET Malayalam University 07/04/2012 3.00 894.812 2 7485 Books Transferred to Malayalam University
free website counter